00542nam a22001457a 4500082001500000100002200015245007500037260002500112300000800137650002900145942000700174952010300181952009500284999001700379 a220.07 PRE aPremkumar, Daniel aMy Father is a Farmer: Biblical Reflections on Sustainable Agriculture aHyderabadbHMIc2016 a103 aBible-study and teaching cBK 00104070aHMIbHMIcGENd2017-06-23g200.00l0o220.07 PREp11003511r2026-01-16w2026-01-16yBK 00104070aHMIbHMIcGENd2019-07-23l0o220.07 PREp11004074r2026-01-16w2026-01-16yBK c20475d20475